<?xml version="1.0" encoding="UTF-8"?>
<record
    xmlns:xsi="http://www.w3.org/2001/XMLSchema-instance"
    xsi:schemaLocation="http://www.loc.gov/MARC21/slim http://www.loc.gov/standards/marcxml/schema/MARC21slim.xsd"
    xmlns="http://www.loc.gov/MARC21/slim">

  <leader>03918cam a2200301 i 4500</leader>
  <controlfield tag="001">17127449</controlfield>
  <controlfield tag="005">20251013123315.0</controlfield>
  <controlfield tag="008">231117t20242024fr            000 1 fre d</controlfield>
  <datafield tag="020" ind1=" " ind2=" ">
    <subfield code="a">9782364687516</subfield>
  </datafield>
  <datafield tag="035" ind1=" " ind2=" ">
    <subfield code="a">(Fr-PaAMA)AAL08329670-0001</subfield>
  </datafield>
  <datafield tag="035" ind1=" " ind2=" ">
    <subfield code="a">17127449</subfield>
  </datafield>
  <datafield tag="040" ind1=" " ind2=" ">
    <subfield code="c">tbs</subfield>
  </datafield>
  <datafield tag="041" ind1=" " ind2=" ">
    <subfield code="a">fre</subfield>
  </datafield>
  <datafield tag="050" ind1=" " ind2="4">
    <subfield code="a">PQ2708.A343</subfield>
    <subfield code="b">A78 2024</subfield>
  </datafield>
  <datafield tag="100" ind1=" " ind2=" ">
    <subfield code="a">Hadjimarkos-Clarke, Phoebe</subfield>
    <subfield code="d">1987-</subfield>
    <subfield code="e">author</subfield>
    <subfield code="9">26112</subfield>
  </datafield>
  <datafield tag="245" ind1="1" ind2="0">
    <subfield code="a">Ali&#xE8;ne</subfield>
    <subfield code="b">: roman</subfield>
    <subfield code="c">/ Ph&#x153;be Hadjimarkos Clarke.</subfield>
  </datafield>
  <datafield tag="260" ind1=" " ind2=" ">
    <subfield code="a">Paris :</subfield>
    <subfield code="b">&#xC9;ditions du Sous-sol,</subfield>
    <subfield code="c">2024.</subfield>
  </datafield>
  <datafield tag="300" ind1=" " ind2=" ">
    <subfield code="a">281 pages ;</subfield>
    <subfield code="c">21 cm.</subfield>
  </datafield>
  <datafield tag="520" ind1=" " ind2=" ">
    <subfield code="a">Fauvel a perdu un &#x153;il suite &#xE0; un tir de LBD. Elle accepte de garder la chienne du p&#xE8;re d'une de ses amies dans une maison isol&#xE9;e &#xE0; la campagne. Hannah n'est pas un chien comme les autres, c'est le clone d'une premi&#xE8;re Hannah, qui tr&#xF4;ne empaill&#xE9;e au milieu du salon. Elle suscite les peurs et les reproches muets du village, &#xE0; mesure qu'on d&#xE9;couvre au matin des animaux massacr&#xE9;s, et qu'elle-m&#xEA;me rentre parfois ensanglant&#xE9;e. 

Cette situation est le point de d&#xE9;part d'un r&#xE9;cit de traque et de cauchemar d&#xE9;licatement progressif, la plupart du temps fantomatique. Jamais l'assaillant n'est clairement nomm&#xE9;, jamais la cible n'est clairement identifi&#xE9;e. Fauvel sait &#xEA;tre une proie, mais de qui ? Dans le village, un groupe de chasseurs, tous ouvriers ou anciens ouvriers de l'usine d'eau min&#xE9;rale, peu loquaces et mal lotis par la vie, font na&#xEE;tre les fantasmes, tant&#xF4;t sexuels, tant&#xF4;t horrifiques. Et plus particuli&#xE8;rement chez Fauvel, coup&#xE9;e du monde par sa conscience &#xE9;parpill&#xE9;e, et chez Mitch, un jeune sociologue qui enqu&#xEA;te sur les r&#xE9;cits d'enl&#xE8;vements par les extraterrestres, nombreux dans la r&#xE9;gion, surtout chez les anciens ouvriers de l'usine.

Au fil d'une pseudo-enqu&#xEA;te hallucin&#xE9;e, le roman explore les notions de domination, d'animalit&#xE9; et de violence. &#xC0; travers la proximit&#xE9;, voire l'amalgame entre animaux et humains, Ali&#xE8;ne questionne la nature de ce qui est cach&#xE9;, la vie animale, et surtout l'instinct de peur. Tel est le v&#xE9;ritable fil du r&#xE9;cit, rarement trait&#xE9; avec autant de nuance et de force.</subfield>
  </datafield>
  <datafield tag="520" ind1=" " ind2=" ">
    <subfield code="a">Fauvel lost an eye after being hit by a rubber bullet. She agrees to look after the dog belonging to one of her friend&#x2019;s fathers in a secluded house in the countryside. But Hannah isn&#x2019;t like other dogs&#x2014;she&#x2019;s a clone of the first Hannah, who now stands stuffed in the middle of the living room. The villagers&#x2019; silent fears and suspicions grow as more and more animals are found slaughtered at dawn, and as Hannah herself sometimes returns covered in blood.

This situation marks the beginning of a haunting and progressively nightmarish tale, often ghostly in tone. The attacker is never clearly named, nor is the target ever clearly identified. Fauvel knows she&#x2019;s being hunted&#x2014;but by whom? In the village, a group of hunters&#x2014;all workers or former workers from the mineral water factory, taciturn and battered by life&#x2014;become the source of fantasies, sometimes sexual, sometimes horrific. Especially for Fauvel, cut off from the world by her scattered mind, and for Mitch, a young sociologist studying stories of alien abductions&#x2014;common in the area, particularly among the factory&#x2019;s former workers.

Through this hallucinatory pseudo-investigation, the novel delves into ideas of domination, animality, and violence. By blurring the line between animals and humans, Ali&#xE8;ne questions the hidden forces of life&#x2014;the animal within&#x2014;and above all, the instinct of fear. This, ultimately, is the true thread of the story, explored here with rare subtlety and power.</subfield>
  </datafield>
  <datafield tag="650" ind1=" " ind2="0">
    <subfield code="a">Eye</subfield>
    <subfield code="x">Wounds and injuries</subfield>
    <subfield code="v">Fiction</subfield>
    <subfield code="9">26113</subfield>
  </datafield>
  <datafield tag="650" ind1=" " ind2="0">
    <subfield code="a">Hunters</subfield>
    <subfield code="v">Fiction</subfield>
    <subfield code="9">26114</subfield>
  </datafield>
  <datafield tag="650" ind1=" " ind2="0">
    <subfield code="a">Dogs</subfield>
    <subfield code="x">Cloning</subfield>
    <subfield code="v">Fiction</subfield>
    <subfield code="9">26115</subfield>
  </datafield>
  <datafield tag="650" ind1=" " ind2="0">
    <subfield code="a">Violence</subfield>
    <subfield code="x">Fiction</subfield>
    <subfield code="9">22173</subfield>
  </datafield>
  <datafield tag="655" ind1=" " ind2="0">
    <subfield code="a">Hunting fiction</subfield>
    <subfield code="9">26116</subfield>
  </datafield>
  <datafield tag="655" ind1=" " ind2="0">
    <subfield code="a">Psychological fiction</subfield>
    <subfield code="9">22456</subfield>
  </datafield>
  <datafield tag="942" ind1=" " ind2=" ">
    <subfield code="2">lcc</subfield>
  </datafield>
  <datafield tag="952" ind1=" " ind2=" ">
    <subfield code="0">0</subfield>
    <subfield code="1">0</subfield>
    <subfield code="2">lcc</subfield>
    <subfield code="4">0</subfield>
    <subfield code="7">0</subfield>
    <subfield code="a">TBS</subfield>
    <subfield code="b">TBS</subfield>
    <subfield code="d">2025-10-13</subfield>
    <subfield code="l">0</subfield>
    <subfield code="o">P-FR HAD</subfield>
    <subfield code="p">B07673</subfield>
    <subfield code="r">2025-10-13</subfield>
    <subfield code="t">1</subfield>
    <subfield code="w">2025-10-13</subfield>
    <subfield code="y">1</subfield>
  </datafield>
  <datafield tag="999" ind1=" " ind2=" ">
    <subfield code="c">5032</subfield>
    <subfield code="d">5032</subfield>
  </datafield>
</record>
